000 00924 a2200253 4500
003 OSt
005 20180116192348.0
008 120531t xxu||||| |||| 00| 0 eng d
020 _a9780500342077
020 _a0500342075
040 _c0
082 0 4 _a712.092
100 1 _aWalker, Peter,
_93029
245 1 0 _aPeter Walker and Partners :
_blandscape architecture - defining the craft /
_c[Peter Walker ; with an essay by Jane Brown Gillette].
246 _aLandscape architecture - defining the craft
260 _aLondon :
_bThames & Hudson,
_c2005.
300 _a231 p. :
_bill. (chiefly col.), plans ;
_c29 cm.
600 1 0 _aWalker, Peter,
_d1932-
_93030
610 2 0 _aPeter Walker and Partners.
_93031
650 1 0 _aLandscape architecture
_zUnited States.
_93032
700 1 _4Gillette, Jane Brown.
_93033
942 _aSADA
_cBK
_k712.092 WAL 2005
_2ddc
999 _c352844
_d352844